Moholy-Nagy László szegedi évei
Elmentve itt :
| Szerző: | |
|---|---|
| Dokumentumtípus: | Cikk |
| Megjelent: |
1975-07-20
|
| Sorozat: | Délmagyarország
65 No. 169 |
| Kulcsszavak: | Moholy-Nagy László |
| Online Access: | http://dmarchiv.bibl.u-szeged.hu/91196 |
| LEADER | 00456nab a2200157 i 4500 | ||
|---|---|---|---|
| 001 | delm91196 | ||
| 005 | 20190424084618.0 | ||
| 008 | 190424s1975 hu o 0|| hun d | ||
| 040 | |a SZTE Délmagyarország Archívum |b hun | ||
| 041 | |a hun | ||
| 100 | 1 | |a Apró Ferenc | |
| 245 | 1 | 0 | |a Moholy-Nagy László szegedi évei |h [elektronikus dokumentum] / |c Apró Ferenc |
| 260 | |c 1975-07-20 | ||
| 300 | |a 6 | ||
| 490 | 0 | |a Délmagyarország |v 65 No. 169 | |
| 695 | |a Moholy-Nagy László | ||